[Event "SK Münster 4 - TV Borken 1"]
[Site "Regionalliga, Gr. 1 2021/2022"]
[Date "2022.03.19"]
[Round "1.2"]
[White "Spangenberg, Victor"]
[Black "Beckmann, David"]
[Result "0-1"]
[WhiteElo "1795"]
[BlackElo "2027"]
[PlyCount "134"]
[EventDate "2022.??.??"]
[SourceTitle "Verband Muensterland"]
[SourceDate "2022.04.03"]
[SourceVersion "1"]
[SourceVersionDate "2022.04.03"]
[SourceQuality "1"]
[WhiteTeam "Muenster SK IV"]
[BlackTeam "Borken"]
[WhiteTeamCountry "GER"]
[BlackTeamCountry "GER"]

1. d4 d5 2. c4 e6 3. Nc3 Nf6 4. cxd5 exd5 5. Bg5 Be7 6. e3 c6 7. Bd3 Nbd7 8.
Qc2 h6 9. Bh4 O-O 10. Nf3 Re8 11. Rb1 Ne4 12. Bxe7 Qxe7 13. Bxe4 dxe4 14. Nd2
Nf6 15. b4 Bf5 16. O-O Bg6 17. Rfc1 Rad8 18. Qa4 a6 19. Qa5 Nd7 20. Qc7 Rb8 21.
Nc4 Qe6 22. Ne2 Rec8 23. Qd6 Qxd6 24. Nxd6 Rd8 25. Nf4 Nb6 26. Nc4 Nxc4 27.
Rxc4 Bf5 28. Rc5 Bd7 29. Rbc1 f6 30. a3 Kf7 31. Kf1 Ra8 32. Ne2 b6 33. R5c2 a5
34. Nc3 axb4 35. axb4 f5 36. Ke1 Ke6 37. Nb1 Ra4 38. Rb2 Ra1 39. Rbc2 Rda8 40.
Nd2 R8a4 41. Rxa1 Rxa1+ 42. Ke2 Ra4 43. Rb2 Bc8 44. Kd1 Ba6 45. Kc2 Ra1 46. Kc3
Bd3 47. h4 g5 48. hxg5 hxg5 49. g3 Kd5 50. Nb3 Ra3 51. Kd2 Bb5 52. Nc1 Bc4 53.
Kc2 f4 54. gxf4 gxf4 55. Kd2 f3 56. Kc2 Rxe3 57. Kd2 Ra3 58. Ke1 Ra1 59. Kd2
Kxd4 60. Rc2 Rb1 61. Na2 Bxa2 62. Rxa2 Rxb4 63. Rc2 c5 64. Rc1 Rb2+ 65. Ke1 c4
66. Rd1+ Kc5 67. Rc1 b5 0-1

[Event "SK Münster 4 - TV Borken 1"]
[Site "Regionalliga, Gr. 1 2021/2022"]
[Date "2022.03.19"]
[Round "1.3"]
[White "Farwick, Christian"]
[Black "Stumpe, Danny"]
[Result "1/2-1/2"]
[WhiteElo "1889"]
[BlackElo "1659"]
[PlyCount "80"]
[EventDate "2022.??.??"]
[SourceTitle "Verband Muensterland"]
[SourceDate "2022.04.03"]
[SourceVersion "1"]
[SourceVersionDate "2022.04.03"]
[SourceQuality "1"]
[WhiteTeam "Borken"]
[BlackTeam "Muenster SK IV"]
[WhiteTeamCountry "GER"]
[BlackTeamCountry "GER"]

1. d4 g6 2. Bf4 Bg7 3. e3 d6 4. c3 Nd7 5. Nd2 Ngf6 6. Ngf3 O-O 7. Qc2 a5 8. Bd3
c6 9. h4 Re8 10. Bg5 Qc7 11. O-O-O b5 12. Bxf6 Nxf6 13. Ne4 Nh5 14. Nh2 d5 15.
Ng5 e5 16. g4 Nf6 17. h5 e4 18. Be2 h6 19. Nh3 g5 20. Rdg1 b4 21. Nf1 Qe7 22.
f4 exf3 23. Bxf3 a4 24. Nf2 Ba6 25. Nd1 bxc3 26. Qxc3 Bxf1 27. Rxf1 Ne4 28.
Bxe4 Qxe4 29. Qc2 Qxg4 30. Qf5 Qe2 31. Rf2 Qc4+ 32. Kb1 Re7 33. Rhf1 Rb8 34.
Rc2 Qb5 35. Rc5 Qe2 36. Rc2 Qb5 37. Rc5 Qe2 38. Rc2 Qxh5 39. Rxc6 Qe2 40. Rc2
Qb5 1/2-1/2

[Event "SK Münster 4 - TV Borken 1"]
[Site "Regionalliga, Gr. 1 2021/2022"]
[Date "2022.03.19"]
[Round "1.4"]
[White "Rossetti, Matteo"]
[Black "Boldrick, Marcel"]
[Result "1-0"]
[WhiteElo "1770"]
[BlackElo "1704"]
[PlyCount "77"]
[EventDate "2022.??.??"]
[SourceTitle "Verband Muensterland"]
[SourceDate "2022.04.03"]
[SourceVersion "1"]
[SourceVersionDate "2022.04.03"]
[SourceQuality "1"]
[WhiteTeam "Muenster SK IV"]
[BlackTeam "Borken"]
[WhiteTeamCountry "GER"]
[BlackTeamCountry "GER"]

1. d4 Nf6 2. Bg5 d5 3. Bxf6 exf6 4. e3 Bf5 5. c4 Bxb1 6. Rxb1 Bb4+ 7. Ke2 dxc4
8. Qa4+ Nc6 9. a3 Qd7 10. Qc2 Qe6 11. Nf3 Ba5 12. Rc1 O-O-O 13. Qxc4 Qg4 14. h3
Qe4 15. Qd3 Qd5 16. Rc5 Qa2 17. Rxc6 bxc6 18. Qa6+ Kd7 19. Qxa5 Qxb2+ 20. Nd2
Rhe8 21. Kf3 Qc1 22. g4 Rb8 23. Bg2 Qc2 24. Qf5+ Qxf5+ 25. gxf5 Rb5 26. Kf4 Rb2
27. Ne4 Ra2 28. a4 Rxe4+ 29. Bxe4 Rxa4 30. Rc1 Ra6 31. Rc5 Kd6 32. h4 Rb6 33.
Kg3 Ra6 34. Kf3 g6 35. fxg6 hxg6 36. h5 f5 37. Rxc6+ Rxc6 38. Bxc6 Kxc6 39. h6
1-0

[Event "SK Münster 4 - TV Borken 1"]
[Site "Regionalliga, Gr. 1 2021/2022"]
[Date "2022.03.19"]
[Round "1.5"]
[White "Klueppel, Ralf"]
[Black "Schielke, David"]
[Result "1-0"]
[WhiteElo "1792"]
[BlackElo "1446"]
[PlyCount "65"]
[EventDate "2022.??.??"]
[SourceTitle "Verband Muensterland"]
[SourceDate "2022.04.03"]
[SourceVersion "1"]
[SourceVersionDate "2022.04.03"]
[SourceQuality "1"]
[WhiteTeam "Borken"]
[BlackTeam "Muenster SK IV"]
[WhiteTeamCountry "GER"]
[BlackTeamCountry "GER"]

1. d4 d5 2. Nf3 Bf5 3. c4 c6 4. Nc3 Nf6 5. Qb3 b6 6. Bg5 Ne4 7. Bf4 e6 8. e3 h6
9. h3 Be7 10. Be2 O-O 11. O-O Nd7 12. Rfd1 Re8 13. Rac1 Rc8 14. cxd5 Nxc3 15.
bxc3 exd5 16. Ba6 Nf6 17. Bxc8 Qxc8 18. Qa4 a6 19. Qb3 b5 20. a4 Ne4 21. Nd2
Nd6 22. Ra1 g5 23. Be5 f6 24. Bh2 Bf8 25. axb5 axb5 26. Ra7 h5 27. Rda1 Qe6 28.
Ra8 Kg7 29. Rxe8 Nxe8 30. Ra7+ Kg6 31. Qa2 g4 32. h4 Nd6 33. Qa6 1-0

[Event "SK Münster 4 - TV Borken 1"]
[Site "Regionalliga, Gr. 1 2021/2022"]
[Date "2022.03.19"]
[Round "1.6"]
[White "Redemann, Rolf"]
[Black "Schmidt, Sebastian"]
[Result "0-1"]
[WhiteElo "1389"]
[BlackElo "1666"]
[PlyCount "106"]
[EventDate "2022.??.??"]
[SourceTitle "Verband Muensterland"]
[SourceDate "2022.04.03"]
[SourceVersion "1"]
[SourceVersionDate "2022.04.03"]
[SourceQuality "1"]
[WhiteTeam "Muenster SK IV"]
[BlackTeam "Borken"]
[WhiteTeamCountry "GER"]
[BlackTeamCountry "GER"]

1. e4 e5 2. Nf3 Nc6 3. Bc4 Bc5 4. c3 Nf6 5. d3 O-O 6. O-O h6 7. Be3 Bb6 8. Nbd2
d5 9. exd5 Nxd5 10. Bxb6 axb6 11. Ne4 Nf4 12. Ne1 Be6 13. Bxe6 Nxe6 14. f3 Nf4
15. Qd2 Qd7 16. g3 Ng6 17. Qe3 Qe6 18. a3 f5 19. Nf2 f4 20. Qe2 fxg3 21. hxg3
Qf5 22. Qe4 Nge7 23. g4 Qf6 24. Nh3 Ng6 25. Ng2 Rad8 26. Rad1 Qd6 27. Rf2 Nge7
28. Ne3 Qg6 29. Qc4+ Kh8 30. Qe4 Qxe4 31. dxe4 Rxd1+ 32. Nxd1 Rd8 33. Ne3 g5
34. Kf1 Kg7 35. Rc2 Na5 36. Ke2 Nb3 37. Nc4 Kf6 38. Nd2 Nc5 39. Nf2 Ng6 40. Nc4
Nb3 41. Nd2 Nf4+ 42. Ke3 Nc5 43. Nc4 b5 44. Rd2 Ra8 45. Rd1 bxc4 46. Rd2 Ncd3
47. Nh1 h5 48. gxh5 Nxh5 49. Rh2 Kg6 50. Nf2 Nxf2 51. Rxf2 Rd8 52. Rf1 Rd3+ 53.
Ke2 Ng3+ 0-1

[Event "SC Gronau 1 - SC Steinfurt 1"]
[Site "Regionalliga, Gr. 2 2021/2022"]
[Date "2022.03.19"]
[Round "1.3"]
[White "Haselhorst, Helmut"]
[Black "Hoge, Torsten"]
[Result "0-1"]
[WhiteElo "1936"]
[BlackElo "1901"]
[PlyCount "86"]
[EventDate "2022.??.??"]
[SourceTitle "Verband Muensterland"]
[SourceDate "2022.04.03"]
[SourceVersion "1"]
[SourceVersionDate "2022.04.03"]
[SourceQuality "1"]
[WhiteTeam "SC Steinfurt 1"]
[BlackTeam "SC Gronau 1"]

1. e4 e6 2. d3 d5 3. Nd2 Nf6 4. Ngf3 c5 5. g3 Nc6 6. Bg2 Be7 7. O-O O-O 8. Re1
b5 9. e5 Nd7 10. Nf1 a5 11. h4 a4 12. a3 b4 13. N1h2 bxa3 14. bxa3 Rb8 15. Bf4
Rb2 16. Ng5 Qe8 17. Ng4 Nd4 18. Ne3 Nb6 19. Nf3 Ba6 20. Rb1 Rxb1 21. Qxb1 Qc6
22. Bg5 Nxf3+ 23. Bxf3 Bxg5 24. hxg5 c4 25. d4 c3 26. Be2 Bxe2 27. Rxe2 f6 28.
gxf6 gxf6 29. f4 fxe5 30. fxe5 Nc4 31. Qb4 Nd2 32. Rf2 Rxf2 33. Kxf2 Ne4+ 34.
Kg2 Qa6 35. Kf3 Qa7 36. Kg2 h5 37. Kh3 Qg7 38. Nf1 Qg4+ 39. Kg2 Qe2+ 40. Kh3
Nf2+ 41. Kg2 Ng4+ 42. Kh3 Nf2+ 43. Kg2 Nd3+ 0-1

[Event "SC Gronau 1 - SC Steinfurt 1"]
[Site "Regionalliga, Gr. 2 2021/2022"]
[Date "2022.03.19"]
[Round "1.4"]
[White "Langendijk, Andre"]
[Black "Janning, Rainer"]
[Result "1-0"]
[WhiteElo "1875"]
[BlackElo "1863"]
[PlyCount "55"]
[EventDate "2022.??.??"]
[SourceTitle "Verband Muensterland"]
[SourceDate "2022.04.03"]
[SourceVersion "1"]
[SourceVersionDate "2022.04.03"]
[SourceQuality "1"]
[WhiteTeam "SC Gronau 1"]
[BlackTeam "SC Steinfurt 1"]

1. c4 c6 2. g3 d5 3. cxd5 cxd5 4. Nf3 Nf6 5. Bg2 e6 6. O-O Be7 7. b3 Nc6 8. Bb2
O-O 9. d3 b6 10. Nc3 Ba6 11. a3 Rc8 12. Rc1 Bb7 13. Rc2 a6 14. Qb1 Qc7 15. Rfc1
Qb8 16. Na4 Ba8 17. b4 Na7 18. Bd4 Nd7 19. Qb2 f6 20. Bh3 Qd6 21. Rxc8 Rxc8 22.
Rxc8+ Nxc8 23. Qc1 Bc6 24. Nb2 Na7 25. Qe3 e5 26. Bxb6 d4 27. Nxd4 exd4 28.
Qe6+ 1-0

[Event "SC Gronau 1 - SC Steinfurt 1"]
[Site "Regionalliga, Gr. 2 2021/2022"]
[Date "2022.03.19"]
[Round "1.5"]
[White "Raus, Michael"]
[Black "Tsoukkerman, Boris"]
[Result "1/2-1/2"]
[WhiteElo "1756"]
[BlackElo "1849"]
[PlyCount "30"]
[EventDate "2022.??.??"]
[SourceTitle "Verband Muensterland"]
[SourceDate "2022.04.03"]
[SourceVersion "1"]
[SourceVersionDate "2022.04.03"]
[SourceQuality "1"]
[WhiteTeam "SC Steinfurt 1"]
[BlackTeam "SC Gronau 1"]

1. e4 Nf6 2. e5 Nd5 3. c4 Nb6 4. d4 d6 5. exd6 exd6 6. Nc3 Be7 7. Be2 O-O 8.
Nf3 Bf5 9. O-O Bf6 10. b3 Nc6 11. Bb2 d5 12. c5 Nc8 13. Qd2 N8e7 14. Nd1 Be4
15. Ne3 Re8 1/2-1/2

[Event "SC Gronau 1 - SC Steinfurt 1"]
[Site "Regionalliga, Gr. 2 2021/2022"]
[Date "2022.03.19"]
[Round "1.6"]
[White "Storck, Martin"]
[Black "Freitag, Michael"]
[Result "0-1"]
[WhiteElo "1948"]
[BlackElo "1689"]
[PlyCount "32"]
[EventDate "2022.??.??"]
[SourceTitle "Verband Muensterland"]
[SourceDate "2022.04.03"]
[SourceVersion "1"]
[SourceVersionDate "2022.04.03"]
[SourceQuality "1"]
[WhiteTeam "SC Gronau 1"]
[BlackTeam "SC Steinfurt 1"]

1. c4 e6 2. Nc3 d5 3. d4 f5 4. Nf3 c6 5. e3 Bd6 6. c5 Bc7 7. Bd3 Nd7 8. b4 a6
9. Bd2 Ngf6 10. a4 Ne4 11. a5 O-O 12. g3 Qf6 13. Rc1 e5 14. dxe5 Nxe5 15. Nxe5
Bxe5 16. O-O Nxc3 0-1

[Event "SK Metelen 1 - SC Rochade Emsdetten 1"]
[Site "Regionalliga, Gr. 2 2021/2022"]
[Date "2022.03.19"]
[Round "1.1"]
[White "Hiller, Simon"]
[Black "Bernink, Henk"]
[Result "1-0"]
[WhiteElo "2143"]
[BlackElo "2021"]
[PlyCount "63"]
[EventDate "2022.??.??"]
[SourceTitle "Verband Muensterland"]
[SourceDate "2022.04.03"]
[SourceVersion "1"]
[SourceVersionDate "2022.04.03"]
[SourceQuality "1"]
[WhiteTeam "SC Rochade Emsdetten 1"]
[BlackTeam "SK Metelen 1"]

1. Nf3 Nf6 2. c4 e6 3. g3 d5 4. Bg2 Be7 5. O-O O-O 6. b3 c5 7. e3 Nc6 8. Bb2 b6
9. Nc3 Bb7 10. cxd5 exd5 11. d4 Qd7 12. Rc1 Rfd8 13. dxc5 bxc5 14. Na4 Ba6 15.
Bxf6 Bxf6 16. Nxc5 Qc8 17. Nxa6 Qxa6 18. Qd2 Rab8 19. Rfd1 d4 20. e4 Qb6 21.
Qf4 Re8 22. Bf1 h6 23. Bc4 Re7 24. Qd2 Rd8 25. Bd5 Nb4 26. Nxd4 Nxd5 27. Nc6
Red7 28. Nxd8 Bg5 29. Rc8 Bxd2 30. Ne6+ Kh7 31. Nf8+ Kg8 32. Nxd7+ 1-0

[Event "SK Metelen 1 - SC Rochade Emsdetten 1"]
[Site "Regionalliga, Gr. 2 2021/2022"]
[Date "2022.03.19"]
[Round "1.2"]
[White "Koch, Alexander"]
[Black "Lemli, Thomas"]
[Result "1-0"]
[WhiteElo "2016"]
[BlackElo "1986"]
[PlyCount "61"]
[EventDate "2022.??.??"]
[SourceTitle "Verband Muensterland"]
[SourceDate "2022.04.03"]
[SourceVersion "1"]
[SourceVersionDate "2022.04.03"]
[SourceQuality "1"]
[WhiteTeam "SK Metelen 1"]
[BlackTeam "SC Rochade Emsdetten 1"]

1. e4 c6 2. c4 d5 3. cxd5 cxd5 4. exd5 Nf6 5. Bb5+ Nbd7 6. Nc3 g6 7. Nf3 Bg7 8.
O-O O-O 9. d6 exd6 10. d4 Nb6 11. Bg5 h6 12. Bh4 Bf5 13. a4 a6 14. Bd3 Bxd3 15.
Qxd3 Rc8 16. Rfe1 Qd7 17. Bxf6 Bxf6 18. a5 Na8 19. Nd5 Qd8 20. Qe4 Rc6 21. Rac1
Rxc1 22. Rxc1 Bg7 23. Ne7+ Kh8 24. Qxb7 Qxa5 25. Nd5 Qb5 26. Qxb5 axb5 27. Rc6
Rd8 28. Kf1 g5 29. h3 f5 30. g4 Rf8 31. Ne7 1-0

[Event "SK Metelen 1 - SC Rochade Emsdetten 1"]
[Site "Regionalliga, Gr. 2 2021/2022"]
[Date "2022.03.19"]
[Round "1.3"]
[White "Mueller, Achim"]
[Black "Poelstra, Ben"]
[Result "1/2-1/2"]
[WhiteElo "1980"]
[BlackElo "1966"]
[PlyCount "102"]
[EventDate "2022.??.??"]
[SourceTitle "Verband Muensterland"]
[SourceDate "2022.04.03"]
[SourceVersion "1"]
[SourceVersionDate "2022.04.03"]
[SourceQuality "1"]
[WhiteTeam "SC Rochade Emsdetten 1"]
[BlackTeam "SK Metelen 1"]

1. e4 e5 2. Nf3 Nf6 3. Nxe5 d6 4. Nf3 Nxe4 5. d4 d5 6. Bd3 Bg4 7. h3 Bh5 8.
Nbd2 Nxd2 9. Bxd2 Nc6 10. c3 Bd6 11. Qe2+ Qe7 12. O-O Qxe2 13. Bxe2 O-O 14.
Rfe1 Rfe8 15. g4 Bg6 16. Bb5 Rxe1+ 17. Rxe1 Ne7 18. Ne5 c6 19. Bf1 f6 20. Nxg6
hxg6 21. Bf4 Bxf4 22. Rxe7 Rb8 23. c4 Bc1 24. b3 Bb2 25. cxd5 cxd5 26. Rd7 Bxd4
27. Rxd5 Bb6 28. Bc4 Kh7 29. Bd3 Kh6 30. Kg2 g5 31. h4 Rd8 32. hxg5+ fxg5 33.
Be4 Rxd5 34. Bxd5 Kg6 35. Kf3 Kf6 36. Ke4 Bxf2 37. Bxb7 Ke6 38. Kd3 Kd6 39. Kc4
Kc7 40. Bd5 Kb6 41. b4 a5 42. b5 Be1 43. Bc6 Bd2 44. Kd3 Bc1 45. Kd4 Bb2+ 46.
Kd5 Bc3 47. Be8 Ba1 48. Ke6 Bf6 49. Kd5 Bb2 50. Bd7 Ba3 51. Bc6 Bb2 1/2-1/2

[Event "SK Metelen 1 - SC Rochade Emsdetten 1"]
[Site "Regionalliga, Gr. 2 2021/2022"]
[Date "2022.03.19"]
[Round "1.4"]
[White "Grotenhuis, Gerard"]
[Black "Weist, Thorsten"]
[Result "1-0"]
[WhiteElo "1915"]
[BlackElo "1743"]
[PlyCount "53"]
[EventDate "2022.??.??"]
[SourceTitle "Verband Muensterland"]
[SourceDate "2022.04.03"]
[SourceVersion "1"]
[SourceVersionDate "2022.04.03"]
[SourceQuality "1"]
[WhiteTeam "SK Metelen 1"]
[BlackTeam "SC Rochade Emsdetten 1"]

1. b3 d5 2. Bb2 e6 3. e3 Nf6 4. f4 c5 5. Nf3 Nc6 6. Bb5 Bd7 7. O-O Qb6 8. a4
Bd6 9. Ne5 d4 10. Nc4 Qc7 11. Nxd6+ Qxd6 12. Na3 Ne7 13. exd4 cxd4 14. Nc4 Qd5
15. Ba3 Bxb5 16. Nd6+ Kd7 17. axb5 Ne4 18. Nxf7 d3 19. Ne5+ Kd8 20. Nxd3 Qd4+
21. Kh1 Nf5 22. Rf3 Qf6 23. Rh3 Rc8 24. Bb2 Nf2+ 25. Nxf2 Qxb2 26. c3 Ke7 27.
Nd3 1-0

[Event "SK Metelen 1 - SC Rochade Emsdetten 1"]
[Site "Regionalliga, Gr. 2 2021/2022"]
[Date "2022.03.19"]
[Round "1.5"]
[White "Wissing, Philipp"]
[Black "Zachej, Arne"]
[Result "1-0"]
[WhiteElo "1863"]
[BlackElo "1863"]
[PlyCount "63"]
[EventDate "2022.??.??"]
[SourceTitle "Verband Muensterland"]
[SourceDate "2022.04.03"]
[SourceVersion "1"]
[SourceVersionDate "2022.04.03"]
[SourceQuality "1"]
[WhiteTeam "SC Rochade Emsdetten 1"]
[BlackTeam "SK Metelen 1"]

1. e4 c5 2. Nf3 d6 3. Bb5+ Nc6 4. O-O g6 5. c3 a6 6. Ba4 b5 7. Bc2 Bg7 8. d4
cxd4 9. Nxd4 Bb7 10. Be3 Nf6 11. Nd2 O-O 12. f4 e5 13. Nxc6 Bxc6 14. f5 d5 15.
fxg6 hxg6 16. exd5 Bxd5 17. a4 Qd7 18. Qe2 Ng4 19. Bc5 Rfc8 20. b4 f5 21. axb5
axb5 22. h3 Nf6 23. c4 bxc4 24. Nxc4 Qb5 25. Rxa8 Rxa8 26. Bxf5 Bxc4 27. Be6+
Kh7 28. Bxc4 Qe8 29. Qf2 g5 30. Qf5+ Qg6 31. Qxe5 Nd7 32. Qd5 1-0

[Event "SK Metelen 1 - SC Rochade Emsdetten 1"]
[Site "Regionalliga, Gr. 2 2021/2022"]
[Date "2022.03.19"]
[Round "1.6"]
[White "Wigger, Frank"]
[Black "Borgmann, Simon"]
[Result "1/2-1/2"]
[WhiteElo "1857"]
[BlackElo "1617"]
[PlyCount "93"]
[EventDate "2022.??.??"]
[SourceTitle "Verband Muensterland"]
[SourceDate "2022.04.03"]
[SourceVersion "1"]
[SourceVersionDate "2022.04.03"]
[SourceQuality "1"]
[WhiteTeam "SK Metelen 1"]
[BlackTeam "SC Rochade Emsdetten 1"]

1. e4 d5 2. exd5 Qxd5 3. Nf3 Nf6 4. d4 Bg4 5. Be2 c6 6. h3 Bh5 7. O-O e6 8. c4
Qa5 9. Nc3 Nbd7 10. Be3 Be7 11. a3 O-O 12. b4 Qc7 13. Qb3 a6 14. Rac1 Qb8 15.
Rfd1 Rd8 16. Rd2 e5 17. Rcd1 h6 18. Qb2 Qc7 19. d5 cxd5 20. Nxd5 Nxd5 21. Rxd5
Bf6 22. Qc2 Nb6 23. Rxd8+ Rxd8 24. Rxd8+ Qxd8 25. Qe4 Qc7 26. c5 Nc8 27. Bc4
Ne7 28. Nd2 Bg6 29. Qg4 Bf5 30. Qh5 Bg6 31. Qg4 Bf5 32. Qf3 Qc6 33. Qg3 Be6 34.
Bxe6 Qxe6 35. Ne4 Nf5 36. Qg4 Kf8 37. Qf3 Be7 38. Nd2 Qd7 39. Nc4 f6 40. Nb6
Qd3 41. Qxb7 Nxe3 42. fxe3 Qxe3+ 43. Kh1 Qc1+ 44. Kh2 Qf4+ 45. g3 Qf2+ 46. Qg2
Qd4 47. Qc2 1/2-1/2